|
|
|
|
| LEADER |
00000cam a2200000 7i4500 |
| 001 |
0000008917 |
| 005 |
20011113.0 |
| 020 |
|
|
|a 9830570738
|
| 090 |
0 |
0 |
|a 335
|b FAT
|
| 100 |
0 |
|
|a Fatimah Azzahra
|
| 245 |
1 |
0 |
|a Wawasan 2020
|c Fatimah Azzahra
|
| 260 |
|
|
|a Kuala Lumpur :
|b Goodmark Enterprise ,
|c 1995
|
| 300 |
|
|
|a 36 p :
|b ill. ;
|c 18 cm.
|
| 490 |
0 |
|
|a Siri sosial dan ekonomi
|
| 650 |
0 |
0 |
|a Economic conditions
|
| 650 |
0 |
0 |
|a Vision 2020
|
| 999 |
|
|
|a 052714
|b BUKU
|c JUNIOR BOOKS
|e PERPUSTAKAAN KOMUNITI PETALING JAYA
|
| 999 |
|
|
|a 052715
|b BUKU
|c JUNIOR BOOKS
|e PERPUSTAKAAN KOMUNITI PETALING JAYA
|
| 999 |
|
|
|a 052716
|b BUKU
|c PINJAMAN
|e PERPUSTAKAAN KOMUNITI PETALING JAYA
|
| 999 |
|
|
|a 053778
|b BUKU
|c PINJAMAN
|e PERPUSTAKAAN KOMUNITI CAW KOTA DAMANSARA
|
| 999 |
|
|
|a 9053778
|b BUKU
|c PINJAMAN
|e PERPUSTAKAAN KOMUNITI CAW KOTA DAMANSARA
|